Indovina la canzone di Battiato - Statistics

Statistiche generali
  • Questo quiz è stato fatto 79 volte
  • Il punteggio medio è 7 su 14
Statistiche sulle risposte
Hint Risposta % Corretto
Una vecchia bretone con una cappello e un ombrello di carta di riso e canna di bambù Centro di Gravità Permanente
92%
Ti proteggerò dalle paure e dalle ipocondrie La Cura
89%
E Radio Tirana trasmette musiche balcaniche mentre danza con i bulgari a piedi nudi sui braceri ardenti Voglio Vederti Danzare
73%
A Beethoven e Sinatra preferisco l'insalata; a Vivaldi l'uva passa che mi dà più calorie Bandiera Bianca
66%
Ne abbiamo avute di occasioni, perdendole La Stagione Dell'Amore
61%
Un uomo di una certa età mi offriva spesso sigarette turche L'Era Del Cinghiale Bianco
52%
Che si possa contemplare le rose e i fiori, che non si parli più di dittature Povera Patria
44%
I desideri mitici di prostitute libiche Sentimiento Nuevo
42%
Questo sentimento popolare nasce da meccaniche divine E Ti Vengo A Cercare
41%
E il mio maestro mi insegnò com'è difficile trovare l'alba dentro l'imbrunire Prospettiva Nevski
39%
Forestiero che cerchi la dimensione insondabile Nomadi
36%
Nelle vie calde la temperatura s'alzerà L'Esodo
34%
Parlami dell'amore che si fa in mezzo agli uomini, di viaggiatori anonimi in territori mistici No Time No Space
23%
E non è colpa mia se esistono carnefici se esiste l’imbecillità Up Patriots to Arms
23%
Nessun quiz corrispondente trovato
Distribuzione punteggi
Percentuale di utenti per punteggio
Percentile per numero di risposta
I tuoi punteggi nel tempo
Non hai fatto questo quiz